Effect of planing methods on growing of rubber tree, ឥទ្ធិពលនៃវិធីសាស្រ្តដាំដុះលើការលូតលាស់ដំណាំកៅស៊ូ (Record no. 1318)

000 -LEADER
fixed length control field 00551nam a22001337a 4500
040 ## - CATALOGING SOURCE
Transcribing agency RUA
082 ## - DEWEY DECIMAL CLASSIFICATION NUMBER
Classification number AGR NHU 2011 B040 Or.1
100 ## - MAIN ENTRY--AUTHOR NAME
Personal name NHUK KUSAL.
245 ## - TITLE STATEMENT
Title Effect of planing methods on growing of rubber tree, ឥទ្ធិពលនៃវិធីសាស្រ្តដាំដុះលើការលូតលាស់ដំណាំកៅស៊ូ
260 ## - PUBLICATION, DISTRIBUTION, ETC. (IMPRINT)
Place of publication Phnom Penh
Name of publisher RUA
Year of publication 2011
300 ## - PHYSICAL DESCRIPTION
Number of Pages viii, 52p.
Other physical details ill.
Dimensions 29cm.
856 ## - ELECTRONIC LOCATION AND ACCESS
Uniform Resource Identifier https://drive.google.com/file/d/1NivOzrbL0GUYauPeUNUqbCtGPoj3svK2/view?usp=sharing
942 ## - ADDED ENTRY ELEMENTS (KOHA)
Koha item type AGR
952 ## - LOCATION AND ITEM INFORMATION (KOHA)
Withdrawn status [LOCAL, KOHA] 0
952 ## - LOCATION AND ITEM INFORMATION (KOHA)
Withdrawn status [LOCAL, KOHA] 0
952 ## - LOCATION AND ITEM INFORMATION (KOHA)
Withdrawn status [LOCAL, KOHA] 0
952 ## - LOCATION AND ITEM INFORMATION (KOHA)
Withdrawn status [LOCAL, KOHA] 0
Holdings
Koha item type Barcode Lost status Permanent Location Current Location Date acquired Full call number
AGRRUA018918 Library Block BLibrary Block B2015-09-27AGR NHU 2011 B040 Or.1
AGRRUA018628 Library Block BLibrary Block B2015-09-27AGR NHU 2011 B040 Or.2
AGRRUA018556 Library Block BLibrary Block B2015-09-27AGR NHU 2011 B040 Or.3
AGRRUA018632 Library Block BLibrary Block B2015-09-27AGR NHU 2011 B040 Or.4
មជ្ឈមណ្ឌលឯការនៃសាកលវិទ្យាល័យភូមិន្ទកសិកម្មចំការដូង

Powered by Koha